000 00721nam a2200241Ia 4500
003 OSt
005 20220923223949.0
006 a|||||r|||| 00| 0
007 ta
008 Pun
024 _a223,681
037 _cTextual
040 _aARTS
_cARTS
_bPun
041 _2Pun
_aPun
082 _aX:3M24xM18, 153M5
100 _aਈਗਲਟਨ, ਟੌਰੀ
245 0 _aਮਾਰਕਸਵਾਦੀ ਸਾਹਿਤਕ ਆਲੋਚਨਾ
260 _aਚੰਡੀਗੜ੍ਹ
_b ਲੋਕਾਇਤ ਪ੍ਰਕਾFਨ
_c1985
300 _a106ਪੰ
_ccm.
650 _aਮਾਰਕਸਵਾਦੀ
942 _hX:3M24xM18, 153M5
_cTEXL
_2CC
999 _c368448
_d368448